OTTOMAN STUDIES (Record no. 1047254)

MARC details
000 -LEADER
sabit uzunluktaki kontrol alanı 00243nam a2200097Ia 4500
001 - KONTROL NUMARASI
kontrol alanı 1047254
005 - EN SON İŞLEMİN TARİH VE ZAMANI
kontrol alanı 20250826232232.0
008 - SABİT-UZUNLUKTA VERİ ÖĞELERİ--GENEL BİLGİ
sabit uzunluktaki kontrol alanı 250824s9999 xx 000 0 und d
245 #0 - ESER / YAZAR
ESER ADI OTTOMAN STUDIES
Yazar Adı İLBER ORTAYLI
260 ## - YAYIN, DAĞITIM, VB.
YAYIN EVİ KRONİK YAYINLARI
Holdings
Düşüm durumu Kayıp durumu Hasar Durumu Ödünç verilmez Ana kütüphane Geçerli Kütüphane Edinilen tarih Toplam ödünç verme sayısı Barkod Son görüntüleme tarihi Son ödünç verme tarihi Fiyatın geçerli olmaya başladığı tarih Koha materyal türü
        CEMİL MERİÇ ANADOLU LİSESİ CEMİL MERİÇ ANADOLU LİSESİ 24.08.2025 1 10712754 20.11.2025 20.11.2025 26.08.2025 Books